Windows (Record no. 112442)

MARC details
000 -LEADER
fixed length control field 00882cad a22001935a 4500
001 - CONTROL NUMBER
control field E153268
008 - FIXED-LENGTH DATA ELEMENTS--GENERAL INFORMATION
fixed length control field 110704s2008 xxk f 000 0 eng d
035 ## - SYSTEM CONTROL NUMBER
System control number (Sirsi) u153268
041 0# - LANGUAGE CODE
Language code of text/sound track or separate title eng
110 2# - MAIN ENTRY--CORPORATE NAME
Corporate name or jurisdiction name as entry element Scottish Civic Trust
9 (RLIN) 2679
245 00 - TITLE STATEMENT
Title Windows
Remainder of title a frame of mind, a guide to window repair and replacement
Medium [electronic resource]
260 ## - PUBLICATION, DISTRIBUTION, ETC.
Place of publication, distribution, etc. Glasgow
Name of publisher, distributor, etc. Scottish Civic Trust
Date of publication, distribution, etc. 2008
520 ## - SUMMARY, ETC.
Summary, etc. Looks at the repair and maintenance of traditional windows, and examines some of the myths about timber windows, for example that they require more maintenance than upvc windows.
590 ## - LOCAL NOTE (RLIN)
Local note KA
651 #4 - SUBJECT ADDED ENTRY--GEOGRAPHIC NAME
Geographic name Scotland
Chronological subdivision 1999-
690 ## - LOCAL SUBJECT ADDED ENTRY--TOPICAL TERM (OCLC, RLIN)
Topical term or geographic name as entry element BUILT ENVIRONMENT-BUILDING ELEMENTS-PARTS OF BUILDING ELEMENTS-OPENINGS
856 40 - ELECTRONIC LOCATION AND ACCESS
Uniform Resource Identifier <a href="https://www.scottishcivictrust.org.uk/media/92495/window%20pub1.pdf">https://www.scottishcivictrust.org.uk/media/92495/window%20pub1.pdf</a>
Public note View the item free of charge at www.scottishcivictrust.org.uk
942 ## - ADDED ENTRY ELEMENTS (KOHA)
Suppress in OPAC 0
Holdings
Withdrawn status Lost status Source of classification or shelving scheme Damaged status Not for loan Home library Current library Shelving location Date acquired Total Checkouts Full call number Barcode Date last seen Copy number Price effective from Koha item type
    Dewey Decimal Classification     Virtual Virtual Online 04/07/2011   ONLINE PUBLICATION 153268-2001 06/08/2019 1 06/08/2019 Book